000 004920000a22001810004500
003 MACL
005 20150705155936.0
008 150705b xxu||||| |||| 00| 0 eng d
040 _aMACL
_cMACL
041 _aEnglish
082 _a350
100 _aYogi Udai
_9938
245 _aMeditation The Key to Self Discover
_bFollowed by Natural Diet & Pranayama
260 _bSatyam Publishing House
_c2008
_aNew Delhi
350 _a350
650 _aPhilosophy
_9939
942 _cBK
_k158.128/UDA
_2ddc
999 _c42298
_d42298